Statistiken für Alle Minderheiten Sri Lankas

Klicken Sie hier um das Quiz zu spielen!

Allgemein

  • Dieses Quiz wurde 22 mal gespielt
  • Das Durchschnittsergebnis liegt bei 11 aus 17

Antwortstatistiken

BevölkerungLand% Korrekt
10,814Indien
100%
2,482China
95%
829Pakistan
95%
613USA
85%
561Deutschland
80%
849Japan
75%
674Bangladesch
70%
1,193Vereinigtes Königreich
70%
1,409Malediven
65%
611Südkorea
65%
612Singapur
60%
925Malaysia
55%
1,417Saudi Arabien
55%
5,107Italien
50%
1,689Vereinigte Arabische Emirate
25%
1,755Kuwait
20%
741Libanon
20%

Verteilung der Resultate

Perzentil nach korrekt beantworteten Fragen

Anzahl Personen mit jedem Resultat

Ihre Resultats-Entwicklung

Sie haben dieses Quiz noch nicht gespielt